Dios es Palabra: teodicea cristiana
Uloženo v:
| Hlavní autor: | |
|---|---|
| Médium: | Kniha |
| Jazyk: | španělština |
| Vydáno: |
Santander
Sal Terrae
2003
|
| Vydání: | 1a. ed |
| Edice: | Panorama, 3
|
| Témata: | |
| Tagy: |
Přidat tag
Žádné tagy, Buďte první, kdo vytvoří štítek k tomuto záznamu!
|
MARC
| LEADER | 00000nam a2200000 a 4500 | ||
|---|---|---|---|
| 001 | UCK1198 | ||
| 003 | CL-VaPUC | ||
| 008 | 041105e20030000SP |||||||||||||||||spa|d | ||
| 020 | |a 8429315020 | ||
| 082 | 0 | 4 | |a 230 |b PIK |2 21 |
| 100 | 0 | |a Pikaza Ibarrondo, Xabier |e author |9 489054 | |
| 245 | 1 | 0 | |a Dios es Palabra: teodicea cristiana |
| 250 | |a 1a. ed | ||
| 300 | |a 392 p | ||
| 942 | |c BK | ||
| 945 | |d 20041105 00:00:00 |a cmena | ||
| 260 | |a Santander |b Sal Terrae |c 2003 | ||
| 600 | 0 | |a Dios |9 314467 | |
| 650 | 0 | |a Teología natural |9 266548 | |
| 650 | 0 | |a Teodicea |9 315235 | |
| 650 | 7 | |a RELIGION DE ISRAEL |2 CL-VaPUC |9 489055 | |
| 650 | 0 | |a Cristología |9 315091 | |
| 650 | 7 | |a ESPIRITU SANTO |2 CL-VaPUC |9 489056 | |
| 650 | 0 | |a Razón |9 314475 | |
| 583 | |a last modification |c 20041105 00:00:00 |k Rodrigo Vera | ||
| 490 | 0 | |a Panorama, 3 | |
| 999 | |c 311281 |d 311279 | ||
| 952 | |0 0 |1 0 |4 0 |6 230_000000000000000_PIK_2003 |7 0 |8 A |9 380631 |a BIBTEO |b BIBTEO |d 2019-11-21 |i 4076400 |l 2 |o 230 PIK 2003 |p 4076400 |r 2025-01-17 |s 2021-12-02 |w 2019-11-21 |y BK |k ICR | ||